[Event "Logumkloster-ch Basis 2"]
[Site "Logumkloster"]
[Date "2010.04.13"]
[Round "1"]
[White "Schmidt, Holger"]
[Black "Jensen, Peter M"]
[Result "1-0"]
[WhiteElo "1477"]
[BlackElo "1124"]
[PlyCount "105"]
[EventDate "2010.04.13"]
[EventType "swiss"]
[EventRounds "5"]
[EventCountry "DEN"]
[SourceTitle "EXT 2023"]
[Source "ChessBase"]
[SourceDate "2022.10.05"]
[SourceVersion "1"]
[SourceVersionDate "2022.10.05"]
[SourceQuality "1"]

1. d4 d5 2. Nc3 c6 3. e4 dxe4 4. Nxe4 h6 5. Nf3 Bg4 6. Be2 e6 7. 0-0 Nf6 8. Nxf6+ Qxf6 9. Be3 Nd7 10. c3 Be7 11. h3 Bxf3 12. Bxf3 Qh4 13. Bg4 g6 14. Qd2 h5 15. g3 Qf6 16. Be2 Qf5 17. Kg2 Nf6 18. f3 Nd5 19. Bd3 Qf6 20. Rae1 0-0-0 21. h4 Qg7 22. Be4 Nxe3+ 23. Qxe3 f5 24. Bxc6 bxc6 25. Qxe6+ Kb7 26. Qxe7+ Qxe7 27. Rxe7+ Kb6 28. Rfe1 Rhg8 29. R1e5 g5 30. hxg5 Rxg5 31. f4 Rg4 32. Rh7 Rdg8 33. Re3 h4 34. Rf3 Re8 35. Rxh4 Re2+ 36. Rf2 Re3 37. Rxg4 fxg4 38. f5 Re8 39. Kf1 Rh8 40. f6 Rf8 41. Ke2 Kc7 42. Ke3 Kd6 43. Rf5 Ke6 44. Kf4 Kf7 45. Kxg4 Rb8 46. b3 Re8 47. Re5 Rg8+ 48. Kf4 Kxf6 49. g4 Rh8 50. Rc5 Ke7 51. Rxc6 Kd7 52. d5 Rf8+ 53. Kg3 1-0

[Event "Logumkloster-chD"]
[Site "Logumkloster"]
[Date "2009.04.21"]
[Round "1"]
[White "Jensen, Peter M"]
[Black "Jessen, Morten"]
[Result "0-1"]
[WhiteElo "1160"]
[BlackElo "1365"]
[PlyCount "106"]
[EventDate "2009.04.21"]
[EventType "tourn"]
[EventRounds "5"]
[EventCountry "DEN"]
[SourceTitle "EXT 2023"]
[Source "ChessBase"]
[SourceDate "2022.10.05"]
[SourceVersion "1"]
[SourceVersionDate "2022.10.05"]
[SourceQuality "1"]

1. d4 Nf6 2. c4 e6 3. Nf3 b6 4. Bd2 Bb7 5. e3 c5 6. Bc3 cxd4 7. Bxd4 Nc6 8. a3 Nxd4 9. Nxd4 Be7 10. Nd2 0-0 11. N2f3 Rc8 12. b4 d5 13. Rc1 a5 14. Qb3 axb4 15. axb4 dxc4 16. Bxc4 Qd6 17. 0-0 Qxb4 18. Qxb4 Bxb4 19. Ne5 Bd5 20. Bb3 Bxb3 21. Nxb3 Ba3 22. Rb1 b5 23. Nd4 b4 24. Ndc6 Nd5 25. Rb3 f6 26. Nd7 Rf7 27. Na7 Rc3 28. Nxf6+ gxf6 29. Rxc3 Nxc3 30. Nc6 Rd7 31. Nd4 e5 32. Nb3 Rd1 33. Rxd1 Nxd1 34. Kf1 Kf7 35. Ke2 Nc3+ 36. Kf3 Ke6 37. g4 e4+ 38. Kg2 Kd5 39. f3 Kc4 40. Na5+ Kd3 41. fxe4 Nxe4 42. Kf3 Ng5+ 43. Kf4 Bb2 44. Nb3 Kc3 45. Na5 b3 46. Kf5 Kc2 47. h4 Nf3 48. h5 Ng5 49. e4 Be5 50. Nxb3 Kxb3 51. h6 Nf7 52. Ke6 Nxh6 53. Ke7 Nxg4 0-1

[Event "Logumkloster-ch Basis 3"]
[Site "Logumkloster"]
[Date "2008.04.22"]
[Round "2"]
[White "Jensen, Peter M"]
[Black "Jessen, Morten"]
[Result "0-1"]
[WhiteElo "1158"]
[BlackElo "1282"]
[PlyCount "158"]
[EventDate "2008.04.15"]
[EventType "swiss"]
[EventRounds "5"]
[EventCountry "DEN"]
[SourceTitle "EXT 2023"]
[Source "ChessBase"]
[SourceDate "2022.10.05"]
[SourceVersion "1"]
[SourceVersionDate "2022.10.05"]
[SourceQuality "1"]

1. e4 c5 2. Bc4 g6 3. c3 Nc6 4. d3 Bg7 5. Bf4 d6 6. Bb5 Bd7 7. h3 a6 8. Bxc6 Bxc6 9. a4 Nf6 10. Nd2 0-0 11. Ngf3 b5 12. a5 Re8 13. g4 d5 14. e5 Nd7 15. 0-0 Qc7 16. Re1 Rad8 17. Qc1 Qb7 18. b3 d4 19. c4 Bxf3 20. Nxf3 Qxf3 21. Bg3 Qxd3 22. Ra3 bxc4 23. bxc4 Bh6 24. f4 Qxa3 25. Qxa3 Nb8 26. g5 Bf8 27. Qxc5 e6 28. Qb6 d3 29. Kg2 d2 30. Rd1 Rd3 31. Qb2 Red8 32. h4 Bc5 33. Bf2 Ba3 34. Qc2 Nc6 35. Bb6 Nb4 36. Qa4 Rc8 37. c5 Nd5 38. c6 Ne3+ 39. Bxe3 Rxe3 40. Rxd2 Rc3 41. Rc2 Rd3 42. Qc4 Rdd8 43. Qxa6 Ra8 44. Qb5 Rdc8 45. a6 Kf8 46. Qa5 Be7 47. c7 Kg8 48. a7 Kf8 49. Kg3 Ke8 50. Qb5+ Kf8 51. Qb7 Ke8 52. Rb2 Kd7 53. Rc2 Ke8 54. Kg4 Kf8 55. Rd2 Ke8 56. h5 Kf8 57. hxg6 hxg6 58. Rd3 Kg7 59. Rb3 Bc5 60. Qb8 Bxa7 61. Qxc8 Rxc8 62. Rb7 Bg1 63. Kf3 Bd4 64. Ke4 Bc3 65. Kd3 Ba5 66. Ra7 Bxc7 67. Ke4 Bb6 68. Ra4 Rc1 69. Ra3 Rf1 70. Rb3 Bg1 71. Rf3 Re1+ 72. Kd3 Ra1 73. Kc2 Ra4 74. Kb3 Re4 75. Kc2 Bh2 76. Kd3 Rxf4 77. Rxf4 Bxf4 78. Ke4 Bxg5 79. Kf3 Bf6 0-1